Finances Publiques : Les principes de disciplines - Statistiques

Statistiques générales
  • Ce quiz a été pris 95 fois
  • Le résultat moyen est 5 sur 33
Statistiques - réponses
Hint Réponse % Correct
Durée de l’exercice budgétaire 1 an
93%
L’équilibre est-il un principe strict ? (Oui ou Non) Non, un objectif vers lequel il faut tendre.
63%
Principe le plus ancien L'annualité
57%
Le législateur peut-il faire obstacle à une annulation de crédit ? (Oui ou Non) Non, c’est un prérogative gouvernementale.
54%
les montants des crédits des décrets sans modification de l’équilibre financier ne peuvent excéder combien de % des finances de l’année ? 1%
43%
Combien de temps minimum couvre une loi de programmation pluriannuelle ? 3 ans minimum.
31%
Le montant cumulé des crédits annulés ne peut excéder combien de pour-cent des crédits ouverts par la loi de finance ? 1,5 %
20%
Ils ne peuvent porter sur un volume supérieur à combien de pourcents des crédits dans le programme ? 3%
20%
Au cour d’une même année quel pourcentage maximum des crédits peuvent faire l’objet d’un virement pour chaque programme ? 2 %
16%
Le principe de spécialité ne concerne que : ? Les dépenses.
16%
Plutôt qu’une loi on pourrait définir ces lois de programmation pluriannuelles comme un : ? Objectif
13%
aménagements à la durée de douze mois d’exercice Les reports de crédits
11%
Les fonds spéciaux échappent au ? Contrôle parlementaire
10%
Les aménagements à l’antériorité de l’autorisation parlementaire (Article 13 de la LOLF) Les décrets d’avance
10%
Comment sont-ils réalises ? Par décret
10%
Depuis la LOLF de 2001 quelle est la thèse favorisée dans les finances publiques La thèse néo-libérale
9%
L’équlibire budgétaire signifie l’égalité entre ? Ressources et dépenses
9%
Par quoi peuvent être remplacée ces dernières depuis 2023 ? Les lois de finances de fin de gestion
7%
Les aménagements à l’autorisation unique ? Les lois de finances rectificatives
7%
Qui autorise par arrêté conjoint ces crédits ? Le ministre des Finances et le ministre concerné
6%
mécanismes de préservation de l’équilibre en droit français Les annulations de crédits
4%
mécanismes de préservation de l’équilibre en droit français Les gels de crédits
4%
Pour prendre acte de la crise du chapitre budgétaire avec la suppression des chapitres en 2001 et on les remplace par des ? (Article 7 de la LOLF) Missions, Programmes, actions
4%
Ils concernent combien de catégories ? Deux dotations
3%
aménagements à la durée de douze mois d’exercice Les autorisations d’engagement et crédits de paiement
3%
aménagements à la durée de douze mois d’exercice Les lois de programmation pluriannuelle
3%
Définition des lois de programmation pluriannuelles (Définition textuelle de l’article 34 alinéa 22 de la Constitution) Les orientations pluriannuelles des finances publiques sont définies par des lois de programmation. Elles s'inscrivent dans l'objectif d'équilibre des comptes des administrations publiques.
3%
A quoi servent les virements de crédits ? Modifier la nature de la dépense.
3%
Comment sont-ils réalises ? Par décret
3%
Les dotations pour provisions sont des : ? Crédits non répartis
1%
A quoi servent les reports de crédits Éviter des comportements administratifs irrationnels consistant à dépenser coute que coute en fin d’année les crédits restant
1%
A quoi servent les transferts de crédits ? Modifier la répartition des crédits votés par le parlement
1%
La commission de verification des fonds spéciaux vérifie que les crédits accordés sont ? Utilisés conformément
1%
Aucun quiz correspondant
Distribution des résultats
% des personnes avec chaque résultat
Percentile par nombre de réponses
Votre historique - résultats
Vous n’avez pas pris ce quiz